000 00203nam a2200085 4500
001 1257571
005 20260217104047.0
245 _aparpat dağı'nın esrarı
_cgülten dayıoğlu
260 _baltın kitaplar
999 _c1257571
_d1257571